000 00456nab a2200145Ia 4500
003 ES-SlBCS
005 20210601125239.0
008 140529s1978 xxu||||| |||| 00| 0 eng d
041 _aeng
100 1 _aSeifert, Arndt
_9155942
245 0 2 _aA Theory of Projects: Its Apllication to Death and Suicide
_c Arndt Seifert
650 0 4 _aMuerte
_986712
773 0 _tPhilosophy and Phenomenological Research
_gvol. 39, 1978, págs. 208-218
_wRev1411
942 _cAR
999 _c527199
_d527199